[Event "4NCL Division 2b"]
[Site "Hinckley Island ENG"]
[Date "2014.03.22"]
[Round "7.51"]
[White "Dineley, Richard DP"]
[Black "Padilla Cabero, Pablo"]
[Result "1-0"]
[WhiteElo "2248"]
[BlackElo "2161"]
[PlyCount "53"]
[EventDate "2014.03.22"]
[WhiteTeam "South Wales Dragons"]
[BlackTeam "Brown Jack"]

1. e4 Nf6 2. e5 Nd5 3. d4 c5 4. c4 Nb4 5. dxc5 d6 6. a3 Qa5 7. Bd2 dxc5 8. Bc3
Qa6 9. Nd2 N4c6 10. Bd3 Qb6 11. Ne4 h6 12. Nf3 Be6 13. b4 Nd7 14. Qa4 O-O-O 15.
b5 Ndxe5 16. Bxe5 Nxe5 17. Nxe5 f5 18. Nd2 g5 19. O-O Bg7 20. Rae1 Bxe5 21.
Rxe5 Rxd3 22. Rfe1 Rxd2 23. Rxe6 Rd6 24. Rxe7 Rhd8 25. Qc2 Rd3 26. Re8 Qf6 27.
Qxd3 1-0

[Event "4NCL Division 2b"]
[Site "Hinckley Island ENG"]
[Date "2014.03.22"]
[Round "7.52"]
[White "Martin, Lewis"]
[Black "Zeidler, Sven P"]
[Result "1/2-1/2"]
[WhiteElo "2048"]
[BlackElo "2239"]
[PlyCount "55"]
[EventDate "2014.03.22"]
[WhiteTeam "Brown Jack"]
[BlackTeam "South Wales Dragons"]

1. e4 d5 2. exd5 Qxd5 3. Nc3 Qa5 4. Nf3 Nf6 5. d4 Bg4 6. Be2 Nc6 7. Bd2 Bxf3 8.
Bxf3 Nxd4 9. Bxb7 Rb8 10. Nd5 Qc5 11. Bc3 Nxc2+ 12. Qxc2 Rxb7 13. Qa4+ c6 14.
Nxf6+ exf6 15. O-O Be7 16. Rac1 Qb5 17. Qg4 O-O 18. Rfe1 Qg5 19. Qf3 Qd5 20.
Qg4 h5 21. Qe2 Bb4 22. Red1 Qxa2 23. Qxh5 Bxc3 24. Rxc3 Rb5 25. Qh4 g6 26. Qxf6
Qxb2 27. Qxc6 Rf5 28. Rc2 1/2-1/2

[Event "4NCL Division 2b"]
[Site "Hinckley Island ENG"]
[Date "2014.03.22"]
[Round "7.53"]
[White "Redmond, John P"]
[Black "Richmond, Peter A"]
[Result "1-0"]
[WhiteElo "2240"]
[BlackElo "2186"]
[PlyCount "55"]
[EventDate "2014.03.22"]
[WhiteTeam "South Wales Dragons"]
[BlackTeam "Brown Jack"]

1. d4 d5 2. Nf3 Nc6 3. Bf4 Bg4 4. e3 e6 5. c4 dxc4 6. Bxc4 Bd6 7. Bg3 Nge7 8.
Nc3 O-O 9. h3 Bh5 10. Bxd6 cxd6 11. g4 Bg6 12. h4 h5 13. Ng5 d5 14. Bd3 hxg4
15. Bxg6 Nxg6 16. Qxg4 Qf6 17. Rg1 Nb4 18. Ke2 e5 19. h5 exd4 20. hxg6 Qa6+ 21.
Kf3 fxg6+ 22. Kg2 dxc3 23. Qxb4 Rf5 24. Qh4 Qf6 25. f4 cxb2 26. Rad1 Rd8 27.
Rh1 Kf8 28. Nh7+ 1-0

[Event "4NCL Division 2b"]
[Site "Hinckley Island ENG"]
[Date "2014.03.22"]
[Round "7.54"]
[White "Girdlestone, Paul C"]
[Black "Morris, Charles F"]
[Result "1-0"]
[WhiteElo "2116"]
[BlackElo "2146"]
[PlyCount "101"]
[EventDate "2014.03.22"]
[WhiteTeam "Brown Jack"]
[BlackTeam "South Wales Dragons"]

1. d4 d5 2. Nf3 e6 3. c4 c5 4. cxd5 exd5 5. g3 Nc6 6. Bg2 Nf6 7. O-O Be7 8. Nc3
O-O 9. dxc5 Bxc5 10. Na4 Be7 11. Be3 Re8 12. Rc1 Bg4 13. h3 Bf5 14. Nd4 Qd7 15.
Nxf5 Qxf5 16. Bc5 Rad8 17. e3 h5 18. Qb3 Bxc5 19. Rxc5 Ne4 20. Bxe4 Rxe4 21.
Rd1 Qxh3 22. Rdxd5 Rxd5 23. Rxd5 Ne5 24. Qd1 Ng4 25. Rd8+ Kh7 26. Qf3 Nf6 27.
Nc3 Rb4 28. b3 Qe6 29. Nd5 Rb5 30. e4 Qe5 31. Nxf6+ Qxf6 32. Qxf6 gxf6 33. Rd5
a6 34. Kg2 Kg6 35. Rd7 b6 36. Rd6 a5 37. Kf3 Kg5 38. Ke3 Rb4 39. Rd5+ Kg6 40.
f4 a4 41. Rd4 Rxd4 42. Kxd4 axb3 43. axb3 h4 44. gxh4 Kh5 45. e5 fxe5+ 46. fxe5
Kxh4 47. Kd5 Kg5 48. e6 fxe6+ 49. Kxe6 Kf4 50. Kd5 Ke3 51. b4 1-0

[Event "4NCL Division 2b"]
[Site "Hinckley Island ENG"]
[Date "2014.03.22"]
[Round "7.56"]
[White "Richmond, Jane"]
[Black "James, David J"]
[Result "0-1"]
[WhiteElo "2084"]
[BlackElo "2159"]
[PlyCount "42"]
[EventDate "2014.03.22"]
[WhiteTeam "Brown Jack"]
[BlackTeam "South Wales Dragons"]

1. e4 c5 2. Nf3 d6 3. Bb5+ Nd7 4. c4 a6 5. Ba4 e5 6. Nc3 g6 7. d3 h6 8. g4 Bg7
9. h4 Ne7 10. Nh2 O-O 11. Nf1 f5 12. gxf5 gxf5 13. Bxd7 Bxd7 14. Ng3 f4 15. Nh5
Bh8 16. Qf3 Kf7 17. Bd2 Qc8 18. Rg1 Rg8 19. Qh1 Rxg1+ 20. Qxg1 Qg8 21. O-O-O
Bg4 0-1

[Event "4NCL Division 2b"]
[Site "Hinckley Island ENG"]
[Date "2014.03.22"]
[Round "7.57"]
[White "Smith, Jeff R"]
[Black "Rabbitt, Michael"]
[Result "1/2-1/2"]
[WhiteElo "2142"]
[BlackElo "2056"]
[PlyCount "64"]
[EventDate "2014.03.22"]
[WhiteTeam "South Wales Dragons"]
[BlackTeam "Brown Jack"]

1. e4 c5 2. Nc3 a6 3. g3 b5 4. Bg2 Bb7 5. d3 Nc6 6. f4 e6 7. Nf3 Nd4 8. O-O Ne7
9. Be3 Qb6 10. Qd2 Rc8 11. Ne1 b4 12. Nd1 d5 13. c3 Ndc6 14. f5 d4 15. fxe6
dxe3 16. exf7+ Kd8 17. Nxe3 g6 18. Nc4 Qc7 19. d4 cxd4 20. cxd4 Bg7 21. Nf3 h6
22. d5 Na5 23. Nxa5 Qxa5 24. Nd4 Qb6 25. Kh1 Qxd4 26. f8=Q+ Rxf8 27. Rxf8+ Kc7
28. Qxd4 Bxd4 29. Rf7 Kd6 30. Re1 Be5 31. Rf2 a5 32. Bf1 Rc5 1/2-1/2

[Event "4NCL Division 2b"]
[Site "Hinckley Island ENG"]
[Date "2014.03.22"]
[Round "7.58"]
[White "Whatley, Stephen AJ (jnr)"]
[Black "Lochte, Szilvia"]
[Result "1-0"]
[WhiteElo "1862"]
[BlackElo "1915"]
[PlyCount "62"]
[EventDate "2014.03.22"]
[WhiteTeam "Brown Jack"]
[BlackTeam "South Wales Dragons"]

1. d4 Nf6 2. Nf3 e6 3. Bg5 h6 4. Bh4 c5 5. e3 b6 6. Nbd2 Bb7 7. c3 Be7 8. Bd3
cxd4 9. exd4 O-O 10. O-O d6 11. Qe2 Nbd7 12. a4 Re8 13. Nc4 Qc7 14. h3 Rac8 15.
Bg3 Bd5 16. Ne3 Bb7 17. a5 Ne4 18. Bh2 Ndf6 19. Nc4 b5 20. Na3 a6 21. c4 b4 22.
Nc2 b3 23. Nb4 Ng5 24. Nxg5 hxg5 25. Qd2 g4 26. h4 Ne4 27. Qe3 f5 28. c5 g3 29.
Bxg3 Nxg3 30. Qxe6+ Kf8 31. fxg3 dxc5 {Black overstepped the time limit} 1-0

[Event "4NCL Division 2b"]
[Site "Hinckley Island ENG"]
[Date "2014.03.22"]
[Round "7.61"]
[White "Holland, James P"]
[Black "Fernandez, Michael H"]
[Result "1/2-1/2"]
[WhiteElo "2265"]
[BlackElo "1985"]
[PlyCount "59"]
[EventDate "2014.03.22"]
[WhiteTeam "BCM Dragons (1)"]
[BlackTeam "Bradford DCA Knights A"]

1. e4 c5 2. Nf3 d6 3. d4 cxd4 4. Nxd4 Nf6 5. Nc3 g6 6. Be3 a6 7. f3 b5 8. Qd2
Bb7 9. O-O-O Nbd7 10. g4 Ne5 11. g5 Nfd7 12. Nd5 Rc8 13. f4 Nc4 14. Bxc4 Rxc4
15. Nb3 Rxe4 16. Qc3 Bxd5 17. Rxd5 Rg8 18. Re1 e6 19. Rd3 Rc4 20. Qd2 Qc7 21.
Qg2 Qc6 22. Qf2 Qc7 23. Kb1 Be7 24. c3 d5 25. Qh4 h5 26. Qh3 b4 27. cxb4 Bxb4
28. Re2 Be7 29. Rd1 Kf8 30. Rf1 1/2-1/2

[Event "4NCL Division 2b"]
[Site "Hinckley Island ENG"]
[Date "2014.03.22"]
[Round "7.62"]
[White "Somerset, William P"]
[Black "Dos Santos Oliveira, Sancho"]
[Result "1-0"]
[WhiteElo "2026"]
[BlackElo "2273"]
[PlyCount "117"]
[EventDate "2014.03.22"]
[WhiteTeam "Bradford DCA Knights A"]
[BlackTeam "BCM Dragons (1)"]

1. Nf3 d5 2. g3 Nf6 3. Bg2 Bf5 4. c4 c6 5. cxd5 cxd5 6. Nc3 Nc6 7. d4 e6 8. O-O
Bb4 9. Qb3 O-O 10. Bd2 Qe7 11. a3 Bd6 12. Nb5 Bb8 13. Bb4 Nxb4 14. axb4 Qd7 15.
Qa4 a6 16. Rfc1 Rc8 17. Qa5 Rxc1+ 18. Rxc1 b6 19. Qa4 Bd6 20. Nc3 b5 21. Qa5
Qb7 22. Ra1 Bc7 23. Qa3 Nd7 24. Nh4 Bg4 25. h3 Bh5 26. g4 Bg6 27. Nxg6 hxg6 28.
e4 Nb6 29. exd5 exd5 30. Qa2 Rd8 31. Qxa6 Qc6 32. Qxb5 Qd6 33. Qc5 Qh2+ 34. Kf1
Nc4 35. Rd1 Nxb2 36. Rd2 Nc4 37. Re2 Qf4 38. Nxd5 Nd2+ 39. Ke1 Nf3+ 40. Bxf3
Qxf3 41. Nxc7 Kh7 42. d5 Qh1+ 43. Kd2 Qb1 44. Re3 f5 45. Re7 Qb2+ 46. Kd1 fxg4
47. hxg4 Rf8 48. Ne6 Qb1+ 49. Ke2 Qb2+ 50. Kf1 Qb1+ 51. Kg2 Qe4+ 52. Kh2 Qe5+
53. f4 Qe2+ 54. Kg3 Qd3+ 55. Kh4 g5+ 56. Kxg5 Rf5+ 57. Kh4 Rh5+ 58. gxh5 Kh6
59. Qg1 1-0

[Event "4NCL Division 2b"]
[Site "Hinckley Island ENG"]
[Date "2014.03.22"]
[Round "7.63"]
[White "Webb, Richard M"]
[Black "Lang, Adam R"]
[Result "1-0"]
[WhiteElo "2257"]
[BlackElo "2159"]
[PlyCount "103"]
[EventDate "2014.03.22"]
[WhiteTeam "BCM Dragons (1)"]
[BlackTeam "Bradford DCA Knights A"]

1. e4 c6 2. d4 d5 3. Nc3 dxe4 4. Nxe4 Bf5 5. Ng3 Bg6 6. h4 h6 7. Nf3 Nd7 8. h5
Bh7 9. Bd3 Bxd3 10. Qxd3 Ngf6 11. Bd2 e6 12. O-O-O Qc7 13. Qe2 O-O-O 14. Ne5
Nb6 15. Ba5 Rd5 16. Bxb6 axb6 17. c4 Ra5 18. Kb1 Bd6 19. f4 Qe7 20. Rd3 Kc7 21.
Rhd1 Rha8 22. c5 Bxe5 23. cxb6+ Kxb6 24. fxe5 Nd5 25. Rb3+ Kc7 26. a3 b5 27.
Ne4 b4 28. Nd6 Rb8 29. Rc1 Qd7 30. Qc4 Rb6 31. axb4 Ra4 32. Ra3 Rxa3 33. bxa3
Qd8 34. Nb5+ Kb8 35. Nc3 Qh4 36. Nxd5 exd5 37. Qc5 Kb7 38. Rf1 Qxh5 39. Qe7+
Ka6 40. Qxf7 Qe2 41. Qf3 Qd2 42. Rd1 Qg5 43. Qe2+ Ka7 44. Rf1 Rb7 45. Kb2 Qg6
46. Qc2 Qh5 47. Kb3 Rc7 48. Ka4 Ka6 49. Rf3 Qg4 50. Qc5 Qd7 51. Rf8 Ra7 52. Rb8
1-0

[Event "4NCL Division 2b"]
[Site "Hinckley Island ENG"]
[Date "2014.03.22"]
[Round "7.64"]
[White "Drabble, Andrew"]
[Black "Thompson, Ian D"]
[Result "0-1"]
[WhiteElo "2082"]
[BlackElo "2208"]
[PlyCount "96"]
[EventDate "2014.03.22"]
[WhiteTeam "Bradford DCA Knights A"]
[BlackTeam "BCM Dragons (1)"]

1. d4 d5 2. Nf3 Nf6 3. c4 e6 4. cxd5 exd5 5. Nc3 Bb4 6. Bg5 Nbd7 7. e3 c5 8.
Be2 Qa5 9. O-O Bxc3 10. Bxf6 Nxf6 11. bxc3 c4 12. Qc2 O-O 13. Nd2 Re8 14. Bf3
Bg4 15. Bxg4 Nxg4 16. Rfe1 Qc7 17. g3 Qc6 18. h3 Nf6 19. f3 Re6 20. e4 dxe4 21.
fxe4 Rae8 22. e5 Nd5 23. Re2 f6 24. Rae1 fxe5 25. dxe5 Rh6 26. Kh2 Qe6 27. h4
Nf4 28. gxf4 Qg4 29. Nf3 Qxf3 30. Rg2 Qxf4+ 31. Kg1 Rxe5 32. Rxe5 Qxe5 33. Qe2
Qc5+ 34. Kf1 Rf6+ 35. Ke1 Qc6 36. Kd2 Rd6+ 37. Kc1 Re6 38. Qf2 Qe4 39. Qd2 h6
40. h5 Rb6 41. Qd8+ Kh7 42. Rxg7+ Kxg7 43. Qd7+ Kf6 44. Qd8+ Kf5 45. Qd7+ Kg5
46. Qd8+ Kxh5 47. Qd1+ Qg4 48. Qh1+ Kg6 0-1

[Event "4NCL Division 2b"]
[Site "Hinckley Island ENG"]
[Date "2014.03.22"]
[Round "7.65"]
[White "Frostick, Clive A"]
[Black "Hackner, Oskar A"]
[Result "0-1"]
[WhiteElo "2172"]
[BlackElo "2105"]
[PlyCount "72"]
[EventDate "2014.03.22"]
[WhiteTeam "BCM Dragons (1)"]
[BlackTeam "Bradford DCA Knights A"]

1. e4 e6 2. d4 d5 3. Nd2 Nf6 4. Bd3 c5 5. c3 Nc6 6. Ngf3 cxd4 7. cxd4 Nb4 8.
Bb1 dxe4 9. Nxe4 Be7 10. O-O Bd7 11. Ne5 O-O 12. Qb3 Bb5 13. Nxf6+ Bxf6 14.
Qxb4 Bxf1 15. Kxf1 a5 16. Qd2 Rc8 17. Be4 Qb6 18. Qd3 Rfd8 19. Be3 Bxe5 20.
dxe5 Qxb2 21. Rb1 Qxe5 22. Bxh7+ Kh8 23. Qe4 Qh5 24. g4 Qh3+ 25. Ke1 Qxh7 26.
Qxh7+ Kxh7 27. Rxb7 Kg8 28. Bb6 Rc1+ 29. Ke2 Rc2+ 30. Ke1 Rd5 31. a3 Rb5 32.
Rb8+ Kh7 33. Ba7 Rxb8 34. Bxb8 Kg6 35. Kf1 Rc4 36. h3 Rc3 0-1

[Event "4NCL Division 2b"]
[Site "Hinckley Island ENG"]
[Date "2014.03.22"]
[Round "7.66"]
[White "Sullivan, Daniel JS"]
[Black "Farrand, Tom"]
[Result "1/2-1/2"]
[WhiteElo "1972"]
[BlackElo "2166"]
[PlyCount "55"]
[EventDate "2014.03.22"]
[WhiteTeam "Bradford DCA Knights A"]
[BlackTeam "BCM Dragons (1)"]

1. c4 f5 2. g3 Nf6 3. Bg2 e6 4. Nc3 Be7 5. Nf3 O-O 6. O-O d6 7. d3 Qe8 8. e4 e5
9. exf5 Bxf5 10. h3 Nc6 11. d4 Qh5 12. dxe5 dxe5 13. Nh4 Qxd1 14. Rxd1 Be6 15.
Nd5 Bxd5 16. cxd5 Nd4 17. Nf3 Nc2 18. Rb1 Bc5 19. Nxe5 Rae8 20. Nd3 Bb6 21. Kh2
Ne4 22. f4 g5 23. Ne5 Nf2 24. Rf1 Ne3 25. Bxe3 Bxe3 26. Nd7 Rf7 27. Ne5 Rff8
28. Nd7 1/2-1/2

[Event "4NCL Division 2b"]
[Site "Hinckley Island ENG"]
[Date "2014.03.22"]
[Round "7.67"]
[White "Richardson, Keith B"]
[Black "Jones, Steven A"]
[Result "0-1"]
[WhiteElo "2117"]
[BlackElo "2070"]
[PlyCount "58"]
[EventDate "2014.03.22"]
[WhiteTeam "BCM Dragons (1)"]
[BlackTeam "Bradford DCA Knights A"]

1. c4 Nf6 2. Nc3 e6 3. e4 e5 4. Nf3 Nc6 5. d3 h6 6. g3 Bc5 7. Bg2 d6 8. O-O Nd4
9. Nxd4 Bxd4 10. Ne2 Bg4 11. h3 Bxe2 12. Qxe2 c6 13. Rb1 a5 14. Be3 Qb6 15.
Bxd4 Qxd4 16. b4 axb4 17. Rxb4 b6 18. Rfb1 Nd7 19. c5 Qxc5 20. Rc4 Qa3 21. Rxc6
O-O 22. Rb3 Qxa2 23. Qxa2 Rxa2 24. Rxd6 Nc5 25. Rbxb6 Rd2 26. Rb5 Rc8 27. Rd5
Nxd3 28. Rb3 Rc1+ 29. Bf1 Rxf2 0-1

[Event "4NCL Division 2b"]
[Site "Hinckley Island ENG"]
[Date "2014.03.22"]
[Round "7.68"]
[White "Bak, Andrew"]
[Black "Dixit, Kumar"]
[Result "1/2-1/2"]
[WhiteElo "2048"]
[BlackElo "2003"]
[PlyCount "86"]
[EventDate "2014.03.22"]
[WhiteTeam "Bradford DCA Knights A"]
[BlackTeam "BCM Dragons (1)"]

1. e4 c5 2. Nf3 e6 3. d4 cxd4 4. Nxd4 Nf6 5. Nc3 d6 6. g4 h6 7. h4 Nc6 8. Rg1
h5 9. gxh5 Nxh5 10. Bg5 Nf6 11. Qd2 a6 12. O-O-O Bd7 13. f4 Qb6 14. Nf3 Nh7 15.
f5 Nxg5 16. Qxg5 Qd8 17. fxe6 Qxg5+ 18. hxg5 Bxe6 19. Nd5 O-O-O 20. Bg2 g6 21.
Rh1 Bg7 22. c3 Rxh1 23. Rxh1 Rh8 24. Rxh8+ Bxh8 25. Kc2 Ne5 26. Nd2 Ng4 27. Kd3
Kd8 28. Nc4 Ne5+ 29. Nxe5 Bxe5 30. Ke3 Kd7 31. Bf1 Kc6 32. Bc4 Kc5 33. Bb3 a5
34. a4 f6 35. gxf6 Bxf6 36. Bd1 Be5 37. b4+ axb4 38. cxb4+ Kc4 39. Be2+ Kb3 40.
Bd1+ Kc4 41. Be2+ Kb3 42. Bd1+ Kb2 43. b5 Bxd5 1/2-1/2

[Event "4NCL Division 2b"]
[Site "Hinckley Island ENG"]
[Date "2014.03.22"]
[Round "7.71"]
[White "Croad, Nicolas"]
[Black "Mackle, Dominic"]
[Result "1/2-1/2"]
[WhiteElo "2246"]
[BlackElo "2251"]
[PlyCount "77"]
[EventDate "2014.03.22"]
[WhiteTeam "White Rose 2"]
[BlackTeam "Hackney"]

1. d4 d5 2. c4 e5 3. dxe5 d4 4. Nf3 Nc6 5. Nbd2 Nge7 6. a3 a5 7. Nb3 Nf5 8. Bg5
Be7 9. Bxe7 Qxe7 10. Nbxd4 Ncxd4 11. Nxd4 Qxe5 12. e3 O-O 13. Be2 Rd8 14. Nc6
Rxd1+ 15. Rxd1 Qe8 16. Rd8 Qxd8 17. Nxd8 Rb8 18. Bf3 c6 19. O-O Ne7 20. Rd1 Kf8
21. b4 axb4 22. axb4 Ke8 23. b5 Bf5 24. bxc6 Rxd8 25. cxb7 Rb8 26. c5 Bd7 27.
Rd6 Nf5 28. Rd1 Ne7 29. h3 Nc6 30. Rd6 Ne5 31. Bd5 Ke7 32. f4 Nd3 33. Ra6 Nxc5
34. Ra8 Rxb7 35. Bxb7 Nxb7 36. Kh2 h5 37. Kg3 Nd6 38. Ra5 g6 39. Kf2 1/2-1/2

[Event "4NCL Division 2b"]
[Site "Hinckley Island ENG"]
[Date "2014.03.22"]
[Round "7.72"]
[White "Lyell, Mark"]
[Black "Adams, David M"]
[Result "1-0"]
[WhiteElo "2205"]
[BlackElo "2212"]
[PlyCount "69"]
[EventDate "2014.03.22"]
[WhiteTeam "Hackney"]
[BlackTeam "White Rose 2"]

1. e4 d6 2. Nc3 e5 3. f4 f5 4. fxe5 dxe5 5. Nf3 Nc6 6. Bb5 Qd6 7. O-O Bd7 8.
exf5 O-O-O 9. Qe2 Nd4 10. Nxd4 Qxd4+ 11. Kh1 c6 12. Bd3 Nh6 13. Be4 Bc5 14. d3
Nxf5 15. Nd1 Rdf8 16. c3 Qd6 17. b4 Bb6 18. a4 a6 19. Nb2 Ba7 20. Nc4 Qe7 21.
b5 Bc5 22. bxc6 bxc6 23. Rb1 Kc7 24. Nxe5 Bd6 25. d4 Nxd4 26. cxd4 Bxe5 27.
dxe5 Qxe5 28. Be3 Rxf1+ 29. Rxf1 Qe6 30. Bf5 Qd5 31. Bf4+ Kb7 32. Rb1+ Ka7 33.
Be3+ c5 34. Bxd7 Rd8 35. Bg4 1-0

[Event "4NCL Division 2b"]
[Site "Hinckley Island ENG"]
[Date "2014.03.22"]
[Round "7.73"]
[White "Gantner, Matthias"]
[Black "Cenal Gutierrez, Ruben"]
[Result "0-1"]
[WhiteElo "2231"]
[BlackElo "2220"]
[PlyCount "50"]
[EventDate "2014.03.22"]
[WhiteTeam "White Rose 2"]
[BlackTeam "Hackney"]

1. e4 c6 2. d4 d5 3. e5 Bf5 4. h4 h5 5. c4 e6 6. Nc3 Ne7 7. Bg5 dxc4 8. Bxc4
Nd7 9. Nge2 f6 10. exf6 gxf6 11. Be3 Nb6 12. Bd3 Nbd5 13. Nxd5 Qxd5 14. Nf4 Qd6
15. O-O Bh6 16. Qxh5+ Kd7 17. Qf3 Rag8 18. Bxf5 Nxf5 19. Rfe1 Nxh4 20. Qe4 f5
21. Qxe6+ Qxe6 22. Nxe6 Nxg2 23. Nc5+ Kc8 24. Kf1 f4 25. Bxf4 Nxe1 0-1

[Event "4NCL Division 2b"]
[Site "Hinckley Island ENG"]
[Date "2014.03.22"]
[Round "7.75"]
[White "Burnett, Jim"]
[Black "Malhotra, Tarun"]
[Result "1/2-1/2"]
[WhiteElo "2143"]
[BlackElo "1997"]
[PlyCount "115"]
[EventDate "2014.03.22"]
[WhiteTeam "White Rose 2"]
[BlackTeam "Hackney"]

1. d4 d5 2. c4 c6 3. Nf3 Nf6 4. Nc3 dxc4 5. a4 Bf5 6. Ne5 Nbd7 7. Nxc4 Qc7 8.
g3 e5 9. dxe5 Nxe5 10. Bf4 Nfd7 11. Bg2 g5 12. Ne3 gxf4 13. Nxf5 O-O-O 14. Qc2
fxg3 15. hxg3 h5 16. O-O-O Bb4 17. Na2 Bf8 18. Kb1 Kb8 19. e3 Qb6 20. Qc3 Qc5
21. Qxc5 Bxc5 22. Nc3 Nf6 23. Kc2 Neg4 24. Rxd8+ Rxd8 25. Nd1 Re8 26. Kd3 Re5
27. Nd4 Re8 28. Ne2 Bb4 29. Kc2 Rd8 30. Nf4 Ba5 31. Nd3 c5 32. b3 Re8 33. Bf3
Ne5 34. Bxh5 Nxd3 35. Kxd3 Rd8+ 36. Kc2 Rd2+ 37. Kc1 Ne4 38. Bxf7 Nxf2 39. Nxf2
Rxf2 40. Bd5 Bd2+ 41. Kb1 Bxe3 42. Rh7 b6 43. Rb7+ Kc8 44. Rxa7 Rd2 45. Bc4 Rg2
46. Rg7 Kb8 47. g4 Kc8 48. Be6+ Kb8 49. Rb7+ Kxb7 50. Bd5+ Kc7 51. Bxg2 Kd6 52.
Kc2 Ke5 53. Kd3 Bf2 54. Be4 Kf4 55. Bf5 Be1 56. Kc4 Ba5 57. Kd5 Kg5 58. Bd7
1/2-1/2

[Event "4NCL Division 2b"]
[Site "Hinckley Island ENG"]
[Date "2014.03.22"]
[Round "7.76"]
[White "Walker, Nicholas P"]
[Black "Shaw, Peter"]
[Result "0-1"]
[WhiteElo "2184"]
[BlackElo "2160"]
[PlyCount "88"]
[EventDate "2014.03.22"]
[WhiteTeam "Hackney"]
[BlackTeam "White Rose 2"]

1. d4 e6 2. e4 b6 3. Nf3 Bb7 4. Bd3 c5 5. O-O cxd4 6. Nxd4 Nc6 7. Be3 Nf6 8.
Nd2 Ne5 9. N2f3 Nxd3 10. cxd3 Be7 11. Rc1 Rc8 12. Rxc8 Qxc8 13. Qa4 a6 14. Rc1
Qb8 15. h3 O-O 16. Nb3 b5 17. Qd4 d6 18. Na5 Rc8 19. Qb6 Rxc1+ 20. Bxc1 Qc8 21.
Bd2 Ba8 22. Bb4 Nd7 23. Qe3 Qc7 24. d4 Nf6 25. Nd2 Qc1+ 26. Kh2 Nxe4 27. Nab3
Qc6 28. f3 Nf6 29. Na5 Qc7 30. Qc3 Qxc3 31. bxc3 Nd5 32. Kg3 f5 33. Kf2 Kf7 34.
a3 Bg5 35. Nf1 Nxb4 36. axb4 Bd5 37. g3 Bc1 38. f4 Bb2 39. Ne3 Bxc3 40. Nxd5
exd5 41. Nc6 Ke8 42. Ke2 Kd7 43. Kd3 Kxc6 44. Kxc3 h5 0-1

[Event "4NCL Division 2b"]
[Site "Hinckley Island ENG"]
[Date "2014.03.22"]
[Round "7.77"]
[White "O'Driscoll, Kieran"]
[Black "Bowmer, Kevin"]
[Result "1/2-1/2"]
[WhiteElo "2115"]
[BlackElo "2088"]
[PlyCount "71"]
[EventDate "2014.03.22"]
[WhiteTeam "White Rose 2"]
[BlackTeam "Hackney"]

1. d4 Nf6 2. c4 g6 3. Nc3 Bg7 4. e4 d6 5. Nf3 O-O 6. Be2 e5 7. O-O Nbd7 8. Be3
Ng4 9. Bg5 f6 10. Bc1 Nh6 11. Be3 Ng4 12. Bc1 Nh6 13. h3 c6 14. Be3 f5 15. Bg5
Qe8 16. dxe5 dxe5 17. b4 f4 18. Bxh6 Bxh6 19. c5 a5 20. a3 Kh8 21. Nd2 b5 22.
cxb6 Nxb6 23. bxa5 Rxa5 24. Qb3 Nd7 25. Nc4 Ra7 26. Nd6 Qe7 27. Rfd1 Ba6 28.
Bxa6 Rxa6 29. f3 Rfa8 30. Kh1 Bf8 31. a4 Nc5 32. Qc4 Ne6 33. Nc8 Qe8 34. Nd6
Qe7 35. Nc8 Qe8 36. Nd6 1/2-1/2

[Event "4NCL Division 2b"]
[Site "Hinckley Island ENG"]
[Date "2014.03.22"]
[Round "7.78"]
[White "Tasker, Michael W"]
[Black "Weller, Pierre"]
[Result "1/2-1/2"]
[WhiteElo "2077"]
[BlackElo "2109"]
[PlyCount "47"]
[EventDate "2014.03.22"]
[WhiteTeam "Hackney"]
[BlackTeam "White Rose 2"]

1. Nf3 Nf6 2. c4 c5 3. Nc3 e6 4. e4 d6 5. d4 cxd4 6. Nxd4 b6 7. Be2 Bb7 8. f3
Be7 9. Be3 O-O 10. Qd2 a6 11. O-O Nbd7 12. Rfd1 Rc8 13. Rac1 Qc7 14. Bf1 Qb8
15. Qf2 Rfd8 16. Kh1 Bf8 17. Nc2 Bc6 18. Qg3 Ne5 19. Bg5 Be7 20. Ne3 Ng6 21.
Bd3 Qb7 22. Nc2 Nh5 23. Qg4 Nf6 24. Qg3 1/2-1/2

[Event "4NCL Division 2b"]
[Site "Hinckley Island ENG"]
[Date "2014.03.22"]
[Round "7.81"]
[White "Richardson, John R"]
[Black "Sands, David A"]
[Result "1-0"]
[WhiteElo "2338"]
[BlackElo "2227"]
[PlyCount "73"]
[EventDate "2014.03.22"]
[WhiteTeam "The AD's"]
[BlackTeam "Barbican 4NCL Youth"]

1. d4 d5 2. c4 dxc4 3. e4 Nc6 4. Nf3 Bg4 5. Bxc4 e6 6. Be3 Bxf3 7. gxf3 Qf6 8.
Nc3 O-O-O 9. Qa4 Bb4 10. O-O-O Nge7 11. f4 Bxc3 12. bxc3 Ng6 13. e5 Qh4 14. d5
exd5 15. Bxd5 Ngxe5 16. Qe4 Nd7 17. Bxc6 bxc6 18. Qxc6 Qf6 19. Qxf6 gxf6 20.
Bxa7 c5 21. Rd6 Kc7 22. Rhd1 Rhe8 23. a4 Re6 24. Bxc5 Rxd6 25. Bxd6+ Kc6 26.
Bb4 Rg8 27. Rd6+ Kc7 28. Rd2 f5 29. Kc2 Rg6 30. a5 Rh6 31. f3 Rg6 32. Kb3 Rh6
33. Rd5 Rxh2 34. a6 Kc6 35. Rd6+ Kc7 36. a7 Nb6 37. Rxb6 1-0

[Event "4NCL Division 2b"]
[Site "Hinckley Island ENG"]
[Date "2014.03.22"]
[Round "7.82"]
[White "Poobalasingam, Peter S"]
[Black "Wheeler, Darren P"]
[Result "1-0"]
[WhiteElo "2238"]
[BlackElo "2267"]
[PlyCount "55"]
[EventDate "2014.03.22"]
[WhiteTeam "Barbican 4NCL Youth"]
[BlackTeam "The AD's"]

1. Nf3 d5 2. g3 c5 3. Bg2 Nc6 4. d4 e6 5. O-O Nf6 6. c4 Be7 7. cxd5 exd5 8. Nc3
O-O 9. dxc5 Bxc5 10. Na4 Be7 11. Be3 Bg4 12. Rc1 Re8 13. Qb3 Qd7 14. Bc5 Bd8
15. Nc3 Ba5 16. Rfd1 Bxc3 17. bxc3 Rxe2 18. c4 dxc4 19. Qxc4 Qe6 20. Qb5 Re8
21. Qxb7 Ne4 22. Be3 Na5 23. Qxa7 Rxa2 24. Re1 Qd7 25. Rc7 Qf5 26. Nd4 Qd5 27.
Re7 Qd8 28. Rxe4 1-0

[Event "4NCL Division 2b"]
[Site "Hinckley Island ENG"]
[Date "2014.03.22"]
[Round "7.83"]
[White "Snape, Ian L"]
[Black "Berry, Neil"]
[Result "0-1"]
[WhiteElo "2222"]
[BlackElo "2194"]
[PlyCount "74"]
[EventDate "2014.03.22"]
[WhiteTeam "The AD's"]
[BlackTeam "Barbican 4NCL Youth"]

1. e4 e6 2. d4 d5 3. Nc3 Bb4 4. e5 c5 5. a3 Bxc3+ 6. bxc3 Ne7 7. Qg4 O-O 8. Bd3
Nbc6 9. Bg5 Qa5 10. Ne2 Ng6 11. Bxg6 fxg6 12. O-O Qa4 13. Rac1 Nxe5 14. Qg3 Nc6
15. Rfd1 Qxa3 16. Qd6 Qa6 17. Nf4 cxd4 18. Nxe6 Bxe6 19. Qxe6+ Kh8 20. cxd4 Qc4
21. c3 a5 22. Re1 a4 23. Be7 Rg8 24. h4 Nxe7 25. Qxe7 b5 26. h5 gxh5 27. Qe5 a3
28. f4 Qb3 29. f5 Qb2 30. Ra1 Qxc3 31. Rec1 Qb2 32. Kh2 b4 33. Qxd5 b3 34. Rc7
Rad8 35. Qf7 Qxd4 36. Rc4 Qxa1 37. Qxh5 Qe5+ 0-1

[Event "4NCL Division 2b"]
[Site "Hinckley Island ENG"]
[Date "2014.03.22"]
[Round "7.84"]
[White "Stewart, Ashley"]
[Black "Swindells, Jonathan E"]
[Result "1/2-1/2"]
[WhiteElo "2077"]
[BlackElo "2164"]
[PlyCount "39"]
[EventDate "2014.03.22"]
[WhiteTeam "Barbican 4NCL Youth"]
[BlackTeam "The AD's"]

1. c4 g6 2. Nc3 Bg7 3. g3 Nf6 4. Bg2 O-O 5. e4 d6 6. Nge2 e5 7. O-O Nc6 8. d3
Be6 9. Nd5 h6 10. h3 Kh7 11. Be3 Qd7 12. Kh2 Ng8 13. Qd2 Nd4 14. f4 Nxe2 15.
Qxe2 c6 16. Nc3 f5 17. Rad1 exf4 18. gxf4 fxe4 19. Nxe4 Ne7 20. Ng3 1/2-1/2

[Event "4NCL Division 2b"]
[Site "Hinckley Island ENG"]
[Date "2014.03.22"]
[Round "7.85"]
[White "Besedin, Pavel"]
[Black "Farrand, Julian T"]
[Result "0-1"]
[WhiteElo "2130"]
[BlackElo "2027"]
[PlyCount "48"]
[EventDate "2014.03.22"]
[WhiteTeam "The AD's"]
[BlackTeam "Barbican 4NCL Youth"]

1. e4 d6 2. d4 Nf6 3. Bd3 e5 4. c3 Be7 5. Nf3 Nbd7 6. O-O c6 7. Nbd2 Qc7 8. Re1
O-O 9. Nf1 Re8 10. Ng3 Bf8 11. a4 a5 12. Nf5 d5 13. exd5 e4 14. dxc6 bxc6 15.
Bc4 Nb6 16. Bxf7+ Qxf7 17. Ne5 Qc7 18. Ng3 Bd6 19. Bg5 Bxe5 20. dxe5 Qxe5 21.
Bxf6 Qxf6 22. Qb3+ Nd5 23. Nxe4 Qg6 24. Rad1 Rxe4 0-1